| 000 | 01655nmm a2200445 a 4500 | ||
|---|---|---|---|
| 003 | AR-BaBNM | ||
| 005 | 20251128203804.0 | ||
| 008 | 157019s1967 ||||||||||||||000 | spa|| | ||
| 040 | _cAR-BaBNM | ||
| 100 | 1 | _aHanlon, John J. | |
| 245 | 1 | 0 |
_aGuías para la salud de la comunidad _bel maestro, la salud y la comunidad |
| 250 | _a1ª ed. | ||
| 260 |
_aMéxico, D.F. _bCentro Regional de Ayuda Técnica _c1967 |
||
| 300 | 1 |
_axii, 368 p. _btablas, láms., diagr. |
|
| 500 | 0 | _aContiene índice | |
| 500 | 0 | _aContiene en apéndice algunas de las tasas y proporciones frecuentemente usadas en epidemiología | |
| 500 | 1 | _aEsta edición ha sido preparada conjuntamente por el Centro Regional de Ayuda Técnica, Agencia para el Desarrollo InternacionalA.I.D., Departamento de Estado del Gobierno de los Estados Unidos de América. El Centro es una organización dedicada a la producc | |
| 504 | _aContiene bibliografía al final de cada capítulo | ||
| 650 | 4 | _aSALUD | |
| 650 | 4 | _aDESARROLLO DE LA COMUNIDAD | |
| 650 | 4 | _aPAPEL DE LA COMUNIDAD | |
| 650 | 4 | _aASISTENCIA SOCIAL | |
| 650 | 4 | _aNINEZ | |
| 650 | 4 | _aADOLESCENCIA | |
| 650 | 4 | _aSALUD MENTAL | |
| 650 | 4 | _aROL DEL DOCENTE | |
| 650 | 4 | _aSERVICIOS ESCOLARES DE SALUD | |
| 650 | 4 | _aSALUD PUBLICA | |
| 650 | 4 | _aFORMACION DE DOCENTES | |
| 650 | 4 | _aAMBIENTE EDUCACIONAL | |
| 650 | 4 | _aORGANIZACION ESCOLAR | |
| 650 | 4 | _aEPIDEMIOLOGIA | |
| 653 | 0 | _aEDUCACION PARA LA SALUD | |
| 653 | 0 | _aORIENTACION EDUCATIVA | |
| 700 | 1 | _aMcHose, Elizabeth | |
| 700 | 1 |
_aQuiróz, Salvador _etraductor |
|
| 700 | 1 |
_aFournier, Carolina A. de _etraductor |
|
| 942 | _cBK | ||
| 998 | _cSILVI | ||
| 999 |
_c4948 _d4948 |
||